000 00302nam a22001337a 4500
008 171025b xxu||||| |||| 00| 0 eng d
020 _a9780716747727
041 _aeng
080 _a311
100 _a55
101 _aSTA
245 _aSTATISTICS THROUGH APPLICATIONS
_cYATES.D.S
942 _2udc
_cBK
999 _c35887
_d35887